000
00346 a2200157 4500
001
61456
020
_a
040
_c
Anchieta - Pituba
100
_a
Florêncio, J Honório O.
240
1
0
_a
Doenças
_l
por
245
1
0
_a
Doenças
300
_a
58
362
0
_a
1990
650
4
_a
BIOLOGIA, CIÊNICAS DA VIDA (CIÊNCIAS NATURAIS)
942
_c
BK
999
_c
61456
_d
61456